000
00244 a2200097 4500
001
13987
100
_a
Fowler J.H
245
_a
Palgrave's golden treasury of songs and lyrics Bk second
260
_a
London
_b
Macmillan
_c
090
_c
10949
_d
10949
942
_a
NUST-CAE
_c
M
_c
1057
999
_c
249060
_d
249060